[Event "12. KUP SS OBZ"]
[Site "Valpovo"]
[Date "2019.02.15"]
[Round "1.1"]
[White "Grandic, Zvjezdan"]
[Black "Mican, Mato"]
[Result "1-0"]
[WhiteElo "2189"]
[BlackElo "2042"]
[PlyCount "56"]
[EventDate "2019.02.15"]
[WhiteTeam "ŠK SLAVONAC, Našice"]
[BlackTeam "ŠK ĐAKOVO LIM MONT II, Đakovo"]

1. e4 e5 2. Nf3 Nc6 3. Bb5 a6 4. Ba4 Nf6 5. d3 b5 6. Bb3 Be7 7. O-O d6 8. h3
Na5 9. c3 Nxb3 10. axb3 Bb7 11. b4 O-O 12. Re1 Nd7 13. g4 h5 14. Kg2 hxg4 15.
hxg4 c5 16. Nbd2 cxb4 17. Nf1 bxc3 18. Ng3 Nf6 19. g5 Nh7 20. Rh1 f5 21. Rxh7
fxe4 22. dxe4 cxb2 23. Qh1 Bxg5 24. Qh5 Bh6 25. Rxh6 gxh6 26. Qg6+ Kh8 27.
Qxh6+ Kg8 28. Qg6+ Kh8 1-0

[Event "12. KUP SS OBZ"]
[Site "Valpovo"]
[Date "2019.02.15"]
[Round "1.1"]
[White "Skocibusic, Ivo"]
[Black "Aleksic, Robert"]
[Result "0-1"]
[WhiteElo "1923"]
[BlackElo "2123"]
[PlyCount "154"]
[EventDate "2019.02.15"]
[WhiteTeam "ŠK ĐAKOVO LIM MONT II, Đakovo"]
[BlackTeam "ŠK SLAVONAC, Našice"]

1. Nf3 e6 2. g3 Nf6 3. Bg2 d5 4. O-O c5 5. d3 Nc6 6. Nbd2 Bd6 7. e4 O-O 8. Re1
Qc7 9. Qe2 Nd7 10. Nf1 b6 11. Ne3 Nf6 12. Nf1 Nd7 13. c3 Bb7 14. h4 Rfd8 15.
N3h2 dxe4 16. dxe4 Bf8 17. e5 Ne7 18. h5 b5 19. Bg5 h6 20. Bh4 Re8 21. g4 Nd5
22. Bg3 Be7 23. Nd2 c4 24. Nhf3 Nc5 25. Ne4 Nxe4 26. Qxe4 Nxc3 27. Qc2 Nd5 28.
Nd4 Nb4 29. Qe2 Bxg2 30. Kxg2 Rad8 31. Qe4 Qc5 32. Red1 Nd3 33. Nc6 Rc8 34.
Nxe7+ Qxe7 35. b3 Nc5 36. Qf3 Qb7 37. bxc4 Qxf3+ 38. Kxf3 bxc4 39. Rac1 Na4 40.
Rd4 Nb6 41. Ke2 Rc6 42. f3 Rec8 43. Rd6 Nd5 44. Rxc6 Rxc6 45. Bf2 a6 46. Bd4
Kf8 47. Kd2 Ke7 48. Bc3 Kd7 49. Bd4 Kc7 50. Rc2 a5 51. a4 Kb7 52. Rb2+ Ka6 53.
Bc3 Rb6 54. Bd4 Rb4 55. Ra2 Rb3 56. Ke2 Nb4 57. Rb2 Nc6 58. Rd2 c3 59. Rd3 c2
60. Be3 Nd4+ 61. Rxd4 Rxe3+ 62. Kd2 Rxf3 63. Kxc2 Kb6 64. Kd2 Kc5 65. Rd7 Rf4
66. Ke3 Rxa4 67. Rxf7 Rxg4 68. Ra7 a4 69. Ra6 Kd5 70. Ra5+ Kc6 71. Ra6+ Kd7 72.
Ra7+ Ke8 73. Ra6 Kf7 74. Ra7+ Kg8 75. Ra6 a3 76. Kf3 Rh4 77. Rxe6 Ra4 0-1

[Event "12. KUP SS OBZ"]
[Site "Valpovo"]
[Date "2019.02.15"]
[Round "1.1"]
[White "Perci, Franjo"]
[Black "Leakovic, Ivica"]
[Result "0-1"]
[WhiteElo "1663"]
[BlackElo "2160"]
[PlyCount "98"]
[EventDate "2019.02.15"]
[WhiteTeam "ŠK ĐAKOVO LIM MONT II, Đakovo"]
[BlackTeam "ŠK SLAVONAC, Našice"]

1. e4 c6 2. Bc4 d5 3. exd5 cxd5 4. Bb3 Nc6 5. d4 Nf6 6. Nc3 Bg4 7. Nge2 e6 8.
a3 Bd6 9. Bg5 a6 10. f3 Bh5 11. Qd2 Na5 12. Ba2 Bg6 13. O-O Qc7 14. Bf4 Bxf4
15. Nxf4 O-O 16. Nxg6 hxg6 17. Ne2 b5 18. c3 Nc4 19. Bxc4 bxc4 20. Ng3 Rab8 21.
Rac1 Rb3 22. Rfe1 Rfb8 23. Rc2 Nd7 24. Nf1 Qb6 25. Re2 e5 26. Ne3 exd4 27. Nxd5
dxc3+ 28. Nxb6 cxd2 29. Rexd2 Nxb6 30. Kf2 Rd3 31. Re2 Rd4 32. Re7 Rbd8 33. Ke2
Nd5 34. Re4 Rxe4+ 35. fxe4 Nb6 36. Ke3 Rd3+ 37. Ke2 Rb3 38. Kd2 Kf8 39. Ke2 Ke7
40. Kf2 Ke6 41. g3 Ke5 42. Kg2 Kxe4 43. Re2+ Re3 44. Rf2 f5 45. Rd2 Nd5 46. Kf2
Rf3+ 47. Kg2 Rb3 48. Re2+ Ne3+ 49. Kf2 Rxb2 0-1

[Event "12. KUP SS OBZ"]
[Site "Valpovo"]
[Date "2019.02.15"]
[Round "1.2"]
[White "Kovacevic, Srecko"]
[Black "Sasvari, Zelimir"]
[Result "0-1"]
[WhiteElo "2068"]
[BlackElo "2215"]
[PlyCount "54"]
[EventDate "2019.02.15"]
[WhiteTeam "ŠK MLADOST, Osijek"]
[BlackTeam "ŠK OSIJEK 2017, Osijek"]

1. d4 c5 2. dxc5 Na6 3. Nc3 Nxc5 4. e4 a6 5. Nf3 d6 6. b4 Nd7 7. Bb2 e6 8. Bd3
Ngf6 9. O-O Be7 10. Qe2 O-O 11. Rad1 Qc7 12. Bc4 b5 13. Bb3 h6 14. Nd4 Ne5 15.
f4 Nc4 16. Bxc4 bxc4 17. Kh1 Bb7 18. a4 Rfe8 19. b5 e5 20. fxe5 dxe5 21. Nf5
Qc5 22. Nd5 Bxd5 23. exd5 c3 24. d6 Bd8 25. Bc1 axb5 26. Be3 Qc4 27. d7 Qxe2
0-1

[Event "12. KUP SS OBZ"]
[Site "Valpovo"]
[Date "2019.02.15"]
[Round "1.2"]
[White "Tarakcija, Hazim"]
[Black "Slobodjanac, Sinisa"]
[Result "1-0"]
[WhiteElo "2180"]
[BlackElo "1791"]
[PlyCount "59"]
[EventDate "2019.02.15"]
[WhiteTeam "ŠK OSIJEK 2017, Osijek"]
[BlackTeam "ŠK MLADOST, Osijek"]

1. d4 Nf6 2. c4 g6 3. Nc3 d5 4. Nf3 Bg7 5. Qb3 dxc4 6. Qxc4 c6 7. e4 Nbd7 8.
Be2 Nb6 9. Qd3 O-O 10. O-O Be6 11. b3 Bg4 12. Rd1 Qc7 13. Bb2 Rfd8 14. Qc2 Rac8
15. h3 Bxf3 16. Bxf3 e6 17. e5 Nfd5 18. Ne4 Bf8 19. Qd2 Bb4 20. Qe2 Bf8 21. g3
Nd7 22. h4 Qb8 23. Rac1 c5 24. dxc5 Nxe5 25. Nf6+ Nxf6 26. Bxe5 Qa8 27. Bxf6
Rxd1+ 28. Qxd1 Bxc5 29. Kg2 Qb8 30. Qd7 1-0

[Event "12. KUP SS OBZ"]
[Site "Valpovo"]
[Date "2019.02.15"]
[Round "1.2"]
[White "Djaic, Kristijan"]
[Black "Radulovic, Bojan"]
[Result "0-1"]
[WhiteElo "1759"]
[BlackElo "2212"]
[PlyCount "50"]
[EventDate "2019.02.15"]
[WhiteTeam "ŠK MLADOST, Osijek"]
[BlackTeam "ŠK OSIJEK 2017, Osijek"]

1. e4 c5 2. f4 Nc6 3. Nf3 Nf6 4. e5 Nd5 5. d4 cxd4 6. Nxd4 e6 7. Bc4 Qa5+ 8. c3
Nxd4 9. Qxd4 Bc5 10. Qd3 Nb6 11. Nd2 Qa4 12. b4 Nxc4 13. Nxc4 Be7 14. Nd6+ Kf8
15. O-O Qc6 16. Ne4 b5 17. Bb2 Bb7 18. Rae1 Rd8 19. f5 d5 20. Ng3 d4 21. Re2
dxc3 22. Qxc3 Qxc3 23. Bxc3 Bd5 24. fxe6 Bxe6 25. Rf3 Bg4 0-1

[Event "12. KUP SS OBZ"]
[Site "Valpovo"]
[Date "2019.02.15"]
[Round "1.2"]
[White "Tomicic, Zvonimir"]
[Black "Romic, Borislav"]
[Result "1-0"]
[WhiteElo "2191"]
[BlackElo "1807"]
[PlyCount "69"]
[EventDate "2019.02.15"]
[WhiteTeam "ŠK OSIJEK 2017, Osijek"]
[BlackTeam "ŠK MLADOST, Osijek"]

1. d4 g6 2. g3 Nf6 3. Bg2 d5 4. Nf3 Nc6 5. Ne5 Bf5 6. Nxc6 bxc6 7. Nd2 Bh6 8.
Nb3 Bxc1 9. Rxc1 Rb8 10. Qd2 O-O 11. h3 Kg7 12. g4 Bc8 13. Qc3 Rb6 14. a4 Qd6
15. Nc5 Re8 16. Nd3 Nd7 17. O-O e5 18. a5 Rb5 19. dxe5 Nxe5 20. f4 d4 21. fxe5
dxc3 22. exd6 cxb2 23. Rb1 Rxe2 24. Bxc6 Rxa5 25. d7 Bxd7 26. Bxd7 Rxc2 27.
Rxb2 Rc3 28. Nf2 Raa3 29. Kh2 a5 30. g5 a4 31. Ne4 Rc4 32. Rbf2 f5 33. gxf6+
Kf8 34. Ng5 Rh4 35. Re1 1-0

[Event "12. KUP SS OBZ"]
[Site "Valpovo"]
[Date "2019.02.15"]
[Round "1.3"]
[White "Popovic, Bozidar"]
[Black "Grguric, Stjepan-Kresimir"]
[Result "1/2-1/2"]
[WhiteElo "2221"]
[BlackElo "2113"]
[PlyCount "114"]
[EventDate "2019.02.15"]
[WhiteTeam "ŠK BELIŠĆE, Belišće"]
[BlackTeam "ŠK DRAGOVOLJAC, Osijek"]

1. d4 d5 2. Bf4 Nf6 3. e3 g6 4. Nc3 Bg7 5. Nf3 O-O 6. Be2 b6 7. Ne5 Ba6 8. Bf3
Bb7 9. h4 c5 10. h5 Nc6 11. hxg6 fxg6 12. Qd2 Nxe5 13. Bxe5 Ne4 14. Bxe4 dxe4
15. Bxg7 Kxg7 16. O-O-O Qc7 17. Rh4 Rad8 18. Nxe4 Rf5 19. g4 Re5 20. Ng3 Bf3
21. Rf1 Kg8 22. g5 Rxg5 23. e4 Rg4 24. Rxg4 Bxg4 25. Qg5 Bf3 26. d5 Rf8 27. Re1
Qf4+ 28. Qxf4 Rxf4 29. Kd2 h5 30. Kd3 h4 31. Ke3 g5 32. Ne2 Bxe2 33. Rxe2 Kf7
34. f3 Kf6 35. Rg2 h3 36. Rh2 Rh4 37. Kf2 Ke5 38. Kg3 c4 39. b3 c3 40. Rxh3
Rxh3+ 41. Kxh3 Kf4 42. Kg2 g4 43. fxg4 Kxg4 44. e5 Kf5 45. d6 exd6 46. exd6 Ke6
47. Kf3 Kxd6 48. Ke4 Kc5 49. a3 b5 50. b4+ Kc6 51. Kd4 Kd6 52. Kxc3 Ke5 53. Kd3
Kd5 54. c3 a6 55. c4+ bxc4+ 56. Kc3 a5 57. bxa5 Kc5 1/2-1/2

[Event "12. KUP SS OBZ"]
[Site "Valpovo"]
[Date "2019.02.15"]
[Round "1.3"]
[White "Grguric, Damir"]
[Black "Basrak, Srdjan"]
[Result "1-0"]
[WhiteElo "1986"]
[BlackElo "2233"]
[PlyCount "113"]
[EventDate "2019.02.15"]
[WhiteTeam "ŠK DRAGOVOLJAC, Osijek"]
[BlackTeam "ŠK BELIŠĆE, Belišće"]

1. d4 f5 2. g3 Nf6 3. Bg2 g6 4. c4 Bg7 5. Nc3 d6 6. d5 c6 7. Nh3 O-O 8. Qb3 Qc7
9. Nf4 Na6 10. h4 Nc5 11. Qd1 e5 12. dxe6 Qe7 13. Rb1 Nxe6 14. O-O Nc5 15. b4
Nce4 16. Bb2 Be6 17. Nxe6 Qxe6 18. Qd3 Rfe8 19. e3 Rad8 20. Ne2 d5 21. Nf4 Qe7
22. Bxf6 Bxf6 23. cxd5 cxd5 24. Bxe4 dxe4 25. Qb3+ Qf7 26. Qa4 b6 27. Rbd1 h6
28. Rxd8 Rxd8 29. Rd1 g5 30. Rxd8+ Bxd8 31. hxg5 hxg5 32. Ne2 Bf6 33. Qc2 Qd5
34. g4 Qd3 35. Qc8+ Kf7 36. Ng3 Qd1+ 37. Kh2 Qxg4 38. Qd7+ Kf8 39. Qe6 Be7 40.
Nxf5 Qh5+ 41. Kg3 Qf3+ 42. Kh2 Qxf2+ 43. Kh1 Qe1+ 44. Kg2 Qxb4 45. Kg3 Ke8 46.
Qc8+ Kf7 47. Kg4 a5 48. Nh6+ Kg6 49. Nf5 Kf6 50. Qc6+ Ke5 51. Qc7+ Ke6 52. Qc8+
Kf7 53. Nh6+ Kf6 54. Qf5+ Kg7 55. Kh5 Qc4 56. Qe5+ Kh7 57. Qxe7+ 1-0

[Event "12. KUP SS OBZ"]
[Site "Valpovo"]
[Date "2019.02.15"]
[Round "1.3"]
[White "Buric, Danijel"]
[Black "Mravunac, Branko"]
[Result "0-1"]
[WhiteElo "2179"]
[BlackElo "1990"]
[PlyCount "44"]
[EventDate "2019.02.15"]
[WhiteTeam "ŠK BELIŠĆE, Belišće"]
[BlackTeam "ŠK DRAGOVOLJAC, Osijek"]

1. d4 Nf6 2. Bg5 e6 3. e4 Be7 4. Bxf6 Bxf6 5. e5 Be7 6. Qg4 g6 7. Nc3 d5 8. h4
h5 9. Qg3 Nc6 10. O-O-O Bb4 11. Nh3 Bxc3 12. bxc3 Qe7 13. Qf4 Bd7 14. Ng5 a5
15. Rh3 Nd8 16. Rf3 b5 17. Bd3 c6 18. Qg3 Bc8 19. Nxf7 Nxf7 20. Bxg6 Qa3+ 21.
Kd2 Ra7 22. Bxh5 Rxh5 {nečitko pisano od strane oba igrača} 0-1

[Event "12. KUP SS OBZ"]
[Site "Valpovo"]
[Date "2019.02.15"]
[Round "1.3"]
[White "Zorman, Antun"]
[Black "Slivar, Darko"]
[Result "0-1"]
[WhiteElo "1896"]
[BlackElo "2050"]
[PlyCount "76"]
[EventDate "2019.02.15"]
[WhiteTeam "ŠK DRAGOVOLJAC, Osijek"]
[BlackTeam "ŠK BELIŠĆE, Belišće"]

1. e4 c5 2. Nf3 Nc6 3. c3 d5 4. Bd3 d4 5. Qe2 e5 6. Bc2 Bd6 7. d3 Nge7 8. h3
O-O 9. Bb3 Na5 10. Bg5 Nxb3 11. axb3 f6 12. Bh4 Be6 13. Nbd2 Qd7 14. g4 Nc6 15.
Bg3 b5 16. O-O g5 17. Ne1 a5 18. Ng2 dxc3 19. bxc3 Bc7 20. Rfc1 Rfd8 21. Ne1
Bb6 22. Rab1 h5 23. d4 cxd4 24. Qxb5 dxc3 25. Nc4 Bd4 26. Ne3 Rab8 27. Qe2 h4
28. Bh2 Bxb3 29. Nf5 Be6 30. Nc2 Rb2 31. Qf3 Rdb8 32. Ra1 Bxf5 33. gxf5 Qa7 34.
Qh5 Bxf2+ 35. Kf1 Bg3 36. Bg1 Qa6+ 37. Kg2 Ne7 38. Bc5 Qd3 0-1

[Event "12. KUP SS OBZ"]
[Site "Valpovo"]
[Date "2019.02.15"]
[Round "1.4"]
[White "Jeszenszky, Jozsef"]
[Black "Mesko, Andrej"]
[Result "0-1"]
[WhiteElo "2030"]
[BlackElo "1999"]
[PlyCount "76"]
[EventDate "2019.02.15"]
[WhiteTeam "ŠK DONJI MIHOLJAC, Donji Miholjac"]
[BlackTeam "ŠK HRVATSKA ČITAONICA, Valpovo"]

1. d4 Nf6 2. c4 e6 3. Nc3 Bb4 4. e3 d5 5. Bd2 O-O 6. Nf3 c5 7. a3 Bxc3 8. Bxc3
Ne4 9. Rc1 Nc6 10. Bd3 Nxc3 11. Rxc3 cxd4 12. exd4 e5 13. Nxe5 Nxe5 14. dxe5 d4
15. Rc2 Qa5+ 16. Rd2 Qxe5+ 17. Re2 Qg5 18. O-O Bg4 19. f3 Be6 20. Qc2 h6 21. f4
Qf6 22. Be4 Rac8 23. c5 Rfd8 24. b4 d3 25. Bxd3 Qd4+ 26. Kh1 Qxd3 27. Qxd3 Rxd3
28. f5 Bxf5 29. Re7 Rd7 30. Re5 Be6 31. h3 Rd5 32. Re3 Rcd8 33. Kh2 Rd3 34.
Rfe1 a6 35. a4 Rxe3 36. Rxe3 Rd4 37. b5 Rxa4 38. bxa6 Rxa6 0-1

[Event "12. KUP SS OBZ"]
[Site "Valpovo"]
[Date "2019.02.15"]
[Round "1.4"]
[White "Sucic, Mihael"]
[Black "Roklicer, Heike"]
[Result "1-0"]
[WhiteElo "1960"]
[BlackElo "2042"]
[PlyCount "99"]
[EventDate "2019.02.15"]
[WhiteTeam "ŠK HRVATSKA ČITAONICA, Valpovo"]
[BlackTeam "ŠK DONJI MIHOLJAC, Donji Miholjac"]

1. d4 d5 2. c4 c6 3. Nc3 Nf6 4. e3 a6 5. Nf3 b5 6. cxd5 cxd5 7. Bd3 Bb7 8. O-O
Nbd7 9. a4 b4 10. Ne2 a5 11. Bb5 e6 12. Ne5 Bd6 13. f4 O-O 14. Ng3 g6 15. Bd2
Ba6 16. Bxa6 Rxa6 17. Rc1 Nb8 18. b3 h5 19. Rf3 Kg7 20. Qe2 h4 21. Nh1 Ne4 22.
Nf2 f5 23. Nxe4 fxe4 24. Rh3 Bxe5 25. dxe5 d4 26. exd4 Qxd4+ 27. Be3 Qd5 28.
Rxh4 Rc6 29. Rd1 Qxb3 30. Ba7 Rc7 31. Bb6 Rcf7 32. g3 Nc6 33. Rf1 Qc3 34. Qg4
Nd4 35. Bxd4 Qxd4+ 36. Kg2 Re8 37. Qg5 Rh8 38. Rxh8 Kxh8 39. Qh6+ Kg8 40. Qxg6+
Kf8 41. Qxe6 Qd2+ 42. Rf2 Qd3 43. Qd6+ Qxd6 44. exd6 Rd7 45. Rd2 Kf7 46. Kf2
Ke6 47. Ke3 Rxd6 48. Rxd6+ Kxd6 49. Kxe4 Kc5 50. Kd3 1-0

[Event "12. KUP SS OBZ"]
[Site "Valpovo"]
[Date "2019.02.15"]
[Round "1.4"]
[White "Sos, Fran"]
[Black "Stanic, Ivica"]
[Result "1/2-1/2"]
[WhiteElo "2025"]
[BlackElo "2046"]
[PlyCount "130"]
[EventDate "2019.02.15"]
[WhiteTeam "ŠK DONJI MIHOLJAC, Donji Miholjac"]
[BlackTeam "ŠK HRVATSKA ČITAONICA, Valpovo"]

1. d4 f5 2. Nf3 Nf6 3. c4 b6 4. g3 Bb7 5. Bg2 e6 6. O-O Be7 7. b3 O-O 8. Bb2
Ne4 9. Nfd2 Bf6 10. f3 Nxd2 11. Qxd2 Na6 12. e4 Bg5 13. f4 Be7 14. Qc2 fxe4 15.
Bxe4 Bxe4 16. Qxe4 Bf6 17. Nc3 c5 18. Na4 Re8 19. d5 Bxb2 20. Nxb2 Nb4 21. d6
Qf6 22. Nd3 Nxd3 23. Qxd3 Rac8 24. Rae1 Rc6 25. Re5 g6 26. g4 Qf8 27. Qe2 Rxd6
28. f5 Qh6 29. f6 Kf7 30. g5 Qh4 31. Rd1 Rd4 32. Rxd4 Qxd4+ 33. Kg2 d6 34. Re4
Qc3 35. Re3 Qc1 36. Qf3 Qd2+ 37. Kf1 Qc1+ 38. Kf2 Qd2+ 39. Kg3 d5 40. h4 Rd8
41. Qf4 dxc4 42. bxc4 Qd6 43. Qxd6 Rxd6 44. Kf4 Rd4+ 45. Re4 Rd2 46. a3 Ra2 47.
Re3 Rd2 48. Ke5 Rd4 49. Re4 Rd3 50. a4 a6 51. Re2 b5 52. axb5 axb5 53. cxb5
Rd5+ 54. Ke4 Rd4+ 55. Ke5 Rd5+ 56. Ke4 h6 57. b6 hxg5 58. b7 Rd4+ 59. Ke5 Rb4
60. hxg5 Rxb7 61. Rh2 Rd7 62. Rh7+ Ke8 63. Rh8+ Kf7 64. Rh7+ Ke8 65. Rh8+ Kf7
1/2-1/2

[Event "12. KUP SS OBZ"]
[Site "Valpovo"]
[Date "2019.02.15"]
[Round "1.4"]
[White "Martinovic, Zvonimir"]
[Black "Ronta, Ivan"]
[Result "1-0"]
[WhiteElo "1833"]
[BlackElo "1717"]
[PlyCount "31"]
[EventDate "2019.02.15"]
[WhiteTeam "ŠK HRVATSKA ČITAONICA, Valpovo"]
[BlackTeam "ŠK DONJI MIHOLJAC, Donji Miholjac"]

1. e4 d5 2. exd5 Nf6 3. Nc3 Nxd5 4. Bc4 Nb6 5. Bb3 Nc6 6. Nf3 Bf5 7. d4 e6 8.
O-O Na5 9. Ne2 h6 10. Ng3 Bh7 11. Ne5 Be7 12. Nh5 Bf6 13. Qg4 O-O 14. Bxh6 Bf5
15. Qg3 Bh4 16. Qxg7# 1-0

[Event "12. KUP SS OBZ"]
[Site "Valpovo"]
[Date "2019.02.15"]
[Round "1.5"]
[White "Cajzler, Hinko"]
[Black "Domazet, Zvonko"]
[Result "1/2-1/2"]
[WhiteElo "2118"]
[BlackElo "1744"]
[PlyCount "66"]
[EventDate "2019.02.15"]
[WhiteTeam "ŠK HVIDR-a, Osijek"]
[BlackTeam "ŠK ĐAKOVO LIM MONT III, Đakovo"]

1. d4 Nf6 2. Nf3 e6 3. c4 d5 4. cxd5 exd5 5. Bg5 Be7 6. Nc3 O-O 7. e3 c6 8. Qc2
h6 9. Bh4 Ne4 10. Bxe7 Qxe7 11. Nxe4 Bf5 12. Nfd2 Bxe4 13. Qc3 Re8 14. Nxe4
Qxe4 15. Rg1 Nd7 16. Be2 Qh4 17. O-O-O Qxf2 18. e4 dxe4 19. Bc4 Qf4+ 20. Kb1
Nf6 21. g3 Qd6 22. Qb3 Re7 23. h3 a5 24. g4 Qb4 25. g5 Qxb3 26. Bxb3 hxg5 27.
Rxg5 e3 28. Re1 a4 29. Bc2 Kf8 30. Kc1 a3 31. Re2 axb2+ 32. Kxb2 Rd8 33. Bd3
Nd5 {nečitko pisano od oba igrača} 1/2-1/2

[Event "12. KUP SS OBZ"]
[Site "Valpovo"]
[Date "2019.02.15"]
[Round "1.5"]
[White "Kolic, Vladimir"]
[Black "Novak, Grgur"]
[Result "0-1"]
[WhiteElo "1620"]
[BlackElo "1936"]
[PlyCount "126"]
[EventDate "2019.02.15"]
[WhiteTeam "ŠK ĐAKOVO LIM MONT III, Đakovo"]
[BlackTeam "ŠK HVIDR-a, Osijek"]

1. e4 c5 2. Nf3 d6 3. d4 cxd4 4. Nxd4 Nf6 5. Nc3 a6 6. Be2 e5 7. Nf3 h6 8. O-O
Be7 9. h3 Bd7 10. Be3 Bc6 11. Bd3 Nbd7 12. a3 Rc8 13. Nh4 g6 14. f4 exf4 15.
Bf2 Ne5 16. Nf3 O-O 17. Qd2 Nh5 18. Rad1 Nxf3+ 19. gxf3 Bh4 20. Bxh4 Qxh4 21.
Qg2 Bd7 22. Kh2 Rc5 23. Nd5 Be6 24. b4 Rcc8 25. Rg1 Bxd5 26. exd5 Rfe8 27. Qg4
Qxg4 28. hxg4 Ng3 29. Rde1 Kf8 30. Kg2 Rxe1 31. Rxe1 Re8 32. Rxe8+ Kxe8 33. c4
b6 34. a4 a5 35. c5 dxc5 36. bxc5 bxc5 37. Bc4 Ke7 38. d6+ Kxd6 39. Bxf7 g5 40.
Kf2 Ke5 41. Ke1 Kd4 42. Kd2 c4 43. Be8 c3+ 44. Kc2 Nf1 45. Bb5 Nd2 46. Be2 Ke3
47. Bd1 Nxf3 48. Kxc3 Nd4 49. Kc4 f3 50. Bxf3 Nxf3 51. Kb5 Kd4 52. Kxa5 Kc5 53.
Ka6 Kc6 54. Ka7 Kc7 55. a5 Ne5 56. a6 Nd7 57. Ka8 Kc8 58. Ka7 Nb8 59. Kb6 Nxa6
60. Kc6 Kd8 61. Kd6 Ke8 62. Ke6 Kf8 63. Kf5 Kf7 0-1

[Event "12. KUP SSOBZ"]
[Site "Valpovo"]
[Date "2019.02.16"]
[Round "2.1"]
[White "Aleksic, Robert"]
[Black "Sucic, Mihael"]
[Result "1/2-1/2"]
[WhiteElo "2121"]
[BlackElo "1969"]
[PlyCount "64"]
[EventDate "2019.02.15"]
[WhiteTeam "ŠK SLAVONAC, Našice"]
[BlackTeam "ŠK HRVATSKA ČITAONICA, Valpovo"]

1. e4 c5 2. Nf3 e6 3. d4 cxd4 4. Nxd4 Nf6 5. Nc3 Nc6 6. Be3 Bb4 7. Bd3 Ne5 8.
O-O Nxd3 9. cxd3 O-O 10. Bg5 Qa5 11. Bxf6 gxf6 12. Nb3 Qg5 13. f4 Qh6 14. Rf3
Kh8 15. Rh3 Qg6 16. Qf3 f5 17. Rg3 Qf6 18. exf5 Bxc3 19. bxc3 Qxf5 20. Re1 d6
21. Nd2 Rg8 22. Rxg8+ Kxg8 23. Ne4 Bd7 24. Ng3 Qf6 25. Nh5 Qxc3 26. Qe3 Bc6 27.
f5 Qb2 28. Re2 Qa1+ 29. Kf2 Kh8 30. Re1 Qb2+ 31. Re2 Qa1 32. Re1 Qb2+ 1/2-1/2

[Event "12. KUP SSOBZ"]
[Site "Valpovo"]
[Date "2019.02.16"]
[Round "2.1"]
[White "Martinovic, Zvonimir"]
[Black "Miletic, Josip"]
[Result "0-1"]
[WhiteElo "1808"]
[BlackElo "2165"]
[PlyCount "35"]
[EventDate "2019.02.15"]
[WhiteTeam "ŠK HRVATSKA ČITAONICA, Valpovo"]
[BlackTeam "ŠK SLAVONAC, Našice"]

1. e4 c5 2. Nf3 g6 3. d4 cxd4 4. Nxd4 Bg7 5. Bc4 Nc6 6. Be3 Nf6 7. Nc3 O-O 8.
Bb3 Qa5 9. O-O Ng4 10. Nxc6 dxc6 11. Bd4 Rd8 12. Qf3 Bxd4 13. Qxf7+ Kh8 14.
Rad1 Qe5 15. g3 Nh6 16. Qc4 Bh3 17. Rfe1 Qf6 18. Rd2 0-1

[Event "12. KUP SSOBZ"]
[Site "Valpovo"]
[Date "2019.02.16"]
[Round "2.1"]
[White "Leakovic, Ivica"]
[Black "Hlavac, Iva"]
[Result "1-0"]
[WhiteElo "2148"]
[BlackElo "1865"]
[PlyCount "77"]
[EventDate "2019.02.15"]
[WhiteTeam "ŠK SLAVONAC, Našice"]
[BlackTeam "ŠK HRVATSKA ČITAONICA, Valpovo"]

1. c4 e5 2. Nc3 Nf6 3. g3 c6 4. d4 exd4 5. Qxd4 Be7 6. Bg2 O-O 7. Nf3 d6 8. O-O
Be6 9. Ng5 d5 10. Nxe6 fxe6 11. Bh3 Qd6 12. Bf4 Qd7 13. cxd5 cxd5 14. Bxb8
Rfxb8 15. e4 Qc6 16. exd5 exd5 17. Rad1 Bc5 18. Qd3 d4 19. Qc4+ Kh8 20. Na4 Bb6
21. Nxb6 axb6 22. Qxd4 Rxa2 23. Bg2 Qb5 24. Rd2 h6 25. Re1 Qc5 26. Qf4 Rba8 27.
Bxb7 R8a4 28. Qf3 Ra1 29. Rdd1 Rxd1 30. Rxd1 Qe7 31. b3 Ra3 32. Bd5 Ra2 33. Bc4
h5 34. h3 Ra5 35. Qc6 Ra2 36. Qxb6 Qe5 37. Qd8+ Kh7 38. Bd3+ Kh6 39. Qh8+ 1-0

[Event "12. KUP SSOBZ"]
[Site "Valpovo"]
[Date "2019.02.16"]
[Round "2.2"]
[White "Sasvari, Zelimir"]
[Black "Cajzler, Hinko"]
[Result "0-1"]
[WhiteElo "2198"]
[BlackElo "2142"]
[PlyCount "61"]
[EventDate "2019.02.15"]
[WhiteTeam "ŠK OSIJEK 2017, Osijek"]
[BlackTeam "ŠK HVIDR-a, Osijek"]

1. c4 e6 2. d3 d5 3. Nd2 Nf6 4. Ngf3 c6 5. h3 Nbd7 6. Qc2 Bd6 7. a3 a5 8. b3
Qe7 9. Bb2 e5 10. e4 dxe4 11. dxe4 O-O 12. Be2 Rd8 13. Nf1 b6 14. Ng3 Nf8 15.
Nf5 Bxf5 16. exf5 e4 17. Nd4 Rac8 18. O-O e3 19. f4 Bc5 20. Nf3 Ne4 21. Kh2 Nd2
22. Rfe1 f6 23. Bc3 Nxf3+ 24. Bxf3 Bxa3 25. Rxa3 Qxa3 26. Rxe3 Qd6 27. g3 Rc7
28. h4 Re7 29. Rxe7 Qxe7 30. Be4 c5 31. Bd5+ {dalje je nejasno pisano.} 0-1

[Event "12. KUP SSOBZ"]
[Site "Valpovo"]
[Date "2019.02.16"]
[Round "2.2"]
[White "Prekratic, Marijan"]
[Black "Tarakcija, Hazim"]
[Result "0-1"]
[WhiteElo "1917"]
[BlackElo "2183"]
[PlyCount "58"]
[EventDate "2019.02.15"]
[WhiteTeam "ŠK HVIDR-a, Osijek"]
[BlackTeam "ŠK OSIJEK 2017, Osijek"]

1. e4 c5 2. d3 Nc6 3. Nc3 e6 4. Nf3 a6 5. Be2 Qc7 6. a4 Bd6 7. O-O Nge7 8. g3
O-O 9. Re1 Rb8 10. d4 cxd4 11. Nxd4 Nxd4 12. Qxd4 Nc6 13. Qc4 b6 14. Be3 Bb7
15. Rad1 Be7 16. Bf4 d6 17. Nb1 Rbc8 18. c3 Rfd8 19. Bf3 Ne5 20. Qxc7 Nxf3+ 21.
Kh1 Rxc7 22. Re2 Rc4 23. Kg2 Ne5 24. f3 g5 25. b3 Rcc8 26. Be3 g4 27. Kf2 gxf3
28. Red2 Bxe4 29. c4 Ng4+ 0-1

[Event "12. KUP SSOBZ"]
[Site "Valpovo"]
[Date "2019.02.16"]
[Round "2.2"]
[White "Radulovic, Bojan"]
[Black "Lovakovic, Franjo"]
[Result "1-0"]
[WhiteElo "2212"]
[BlackElo "1859"]
[PlyCount "51"]
[EventDate "2019.02.15"]
[WhiteTeam "ŠK OSIJEK 2017, Osijek"]
[BlackTeam "ŠK HVIDR-a, Osijek"]

1. d4 Nf6 2. Nf3 d5 3. c4 e6 4. Bf4 Bd6 5. Bg5 h6 6. Bh4 c6 7. c5 Be7 8. Nc3 b6
9. b4 Ba6 10. e3 Bxf1 11. Kxf1 Ne4 12. Nxe4 dxe4 13. Bxe7 Qxe7 14. Ne5 O-O 15.
Qb1 Rd8 16. Qxe4 Rd5 17. Ke2 f6 18. Ng6 Qf7 19. Nf4 e5 20. Nxd5 cxd5 21. Qf5
Nc6 22. dxe5 Nxe5 23. Rhd1 g6 24. Qh3 Kg7 25. Rac1 Nc6 26. cxb6 1-0

[Event "12. KUP SSOBZ"]
[Site "Valpovo"]
[Date "2019.02.16"]
[Round "2.2"]
[White "Fures, Ivica"]
[Black "Tomicic, Zvonimir"]
[Result "0-1"]
[WhiteElo "1871"]
[BlackElo "2191"]
[PlyCount "64"]
[EventDate "2019.02.15"]
[WhiteTeam "ŠK HVIDR-a, Osijek"]
[BlackTeam "ŠK OSIJEK 2017, Osijek"]

1. Nc3 g6 2. e4 Bg7 3. Nf3 d6 4. d4 Nd7 5. Bc4 e6 6. Bg5 Ne7 7. Qd2 h6 8. Be3
a6 9. a4 b6 10. O-O Bb7 11. Qe2 O-O 12. Rfd1 d5 13. exd5 exd5 14. Bd3 c5 15.
Qd2 c4 16. Be2 Kh7 17. b3 Rc8 18. bxc4 dxc4 19. Bf4 Nf5 20. g4 Nh4 21. Nxh4
Qxh4 22. Ra3 Qe7 23. Nb1 Nf6 24. f3 Nd5 25. Bg3 c3 26. Rxc3 Nxc3 27. Nxc3 Rxc3
28. Qxc3 Qxe2 29. Re1 Qxf3 30. Qxf3 Bxf3 31. c3 Rc8 32. Re3 Rxc3 0-1

[Event "12. KUP SSOBZ"]
[Site "Valpovo"]
[Date "2019.02.16"]
[Round "2.3"]
[White "Grguric, Stjepan-Kresimir"]
[Black "Borzan, Andrej"]
[Result "0-1"]
[WhiteElo "2119"]
[BlackElo "1900"]
[PlyCount "124"]
[EventDate "2019.02.15"]
[WhiteTeam "ŠK DRAGOVOLJAC, Osijek"]
[BlackTeam "ŠK FERIT OSIJEK II, Osijek"]

1. e4 d6 2. d4 Nf6 3. Nc3 g6 4. Bc4 Bg7 5. Nge2 O-O 6. f3 Nbd7 7. Be3 c5 8. O-O
Qc7 9. Nb5 Qd8 10. c3 a6 11. Na3 b5 12. Bd3 e5 13. Nb1 Qc7 14. Nd2 Bb7 15. a4
c4 16. Bc2 d5 17. axb5 axb5 18. Rxa8 Rxa8 19. dxe5 Nxe5 20. Nd4 Qa5 21. h3 dxe4
22. fxe4 b4 23. Bf4 Nfd7 24. Qe2 bxc3 25. Nxc4 Nxc4 26. Qxc4 Ba6 27. Qxc3 Qxc3
28. bxc3 Bxf1 29. Kxf1 Rc8 30. Nb5 Rc5 31. Bd3 Bxc3 32. Ke2 Be5 33. Be3 Rc8 34.
Na7 Rc7 35. Bb5 Bd6 36. Nc6 Ne5 37. Nd4 Bc5 38. Ba4 Bxd4 39. Bxd4 Rc4 40. Ke3
Ng4+ 41. hxg4 Rxa4 42. Bf6 Kf8 43. g5 Ke8 44. Kf4 Kd7 45. Ke5 Ra2 46. g3 Ra3
47. Kf4 Ke6 48. Bg7 Rb3 49. Kg4 Kd6 50. Kf4 Rb1 51. Bf8+ Kc6 52. Kg4 Rg1 53.
Bb4 Kb5 54. Bd2 Kc4 55. Bf4 Kd4 56. e5 Ke4 57. Bd2 Kxe5 58. Bc3+ Ke4 59. Bb2
Rb1 60. Bc3 Ke3 61. Be5 Rb4+ 62. Bf4+ Kf2 0-1